000 00763nam a2200229Ia 4500
003 GCL
008 140319s9999 xx 000 0 ara d
020 _a367270977
040 _aGCL /
_cGCL
082 0 4 _a863.03
_bد أ
100 1 _aمحمود على مراد
245 1 0 _aالام :
_bLA MADRE GRAZIA DELEDDA /
_cمحمود على مراد
700 1 _aمحمد حجى
700 1 _aديليدا، جراتسيا
250 _aالاولى
260 _aالقاهرة :
_bالدار المصرية اللبنانية ،
_c1997
300 _a164 ص ؛
_c22 سم
490 _aرويات جائزة نوبل
_v11
650 0 4 _aالقصص الاسبانية المترجمة
650 0 4 _aالادب الاسبانى المترجم
942 _2ddc
_cBK
999 _c7997
_d7997